Relaciones a la Santa Sede enviadas por los Obispos de Chile colonial: introducción y textos
| Main Author: | |
|---|---|
| Format: | Print Book |
| Language: | Spanish |
| Subito Delivery Service: | Order now. |
| Check availability: | HBZ Gateway |
| WorldCat: | WorldCat |
| Interlibrary Loan: | Interlibrary Loan for the Fachinformationsdienste (Specialized Information Services in Germany) |
| Published: |
Santiago, Chile
Univ. Católica de Chile
1975
|
| In: |
Anales de la Facultad de Teología (25,1)
Year: 1975 |
| Series/Journal: | Anales de la Facultad de Teología
Vol. 25, Cuaderno 1 |
| Further subjects: | B
Pope
B Holy See (motif) B Chile |
MARC
| LEADER | 00000cam a22000002c 4500 | ||
|---|---|---|---|
| 001 | 1377869199 | ||
| 003 | DE-627 | ||
| 005 | 20240503203725.0 | ||
| 007 | tu | ||
| 008 | 090625s1975 cl ||||| 00| ||spa c | ||
| 035 | |a (DE-627)1377869199 | ||
| 035 | |a (DE-576)307869199 | ||
| 035 | |a (DE-599)BSZ307869199 | ||
| 035 | |a (OCoLC)254192412 | ||
| 035 | |a (OCoLC)254192412 | ||
| 040 | |a DE-627 |b ger |c DE-627 |e rakwb | ||
| 041 | |a spa | ||
| 044 | |c XD-CL | ||
| 084 | |a 1 |2 ssgn | ||
| 100 | 1 | |0 (DE-588)1056753420 |0 (DE-627)79498908X |0 (DE-576)412138840 |4 aut |a Aliaga Rojas, Fernando | |
| 109 | |a Aliaga Rojas, Fernando |a Aliaga, Fernando |a Rojas, Fernando Aliaga |a Aliaga R., Fernando | ||
| 245 | 1 | 0 | |a Relaciones a la Santa Sede enviadas por los Obispos de Chile colonial |b introducción y textos |c Fernando Aliaga Rojas |
| 264 | 1 | |a Santiago, Chile |b Univ. Católica de Chile |c 1975 | |
| 300 | |a 148 S. | ||
| 336 | |a Text |b txt |2 rdacontent | ||
| 337 | |a ohne Hilfsmittel zu benutzen |b n |2 rdamedia | ||
| 338 | |a Band |b nc |2 rdacarrier | ||
| 490 | 1 | |a Anales de la Facultad de Teología |v Vol. 25, Cuaderno 1 | |
| 583 | 1 | |a Archivierung prüfen |c 20200919 |f DE-640 |z 2 |2 pdager | |
| 583 | 1 | |a Archivierung/Langzeitarchivierung gewährleistet |f SSG |x XA-DE-BW |2 pdager |5 DE-21 | |
| 610 | 2 | 7 | |0 (DE-588)2009545-4 |0 (DE-627)101659261 |0 (DE-576)191644501 |a Katholische Kirche |2 gnd |
| 650 | 0 | 7 | |0 (DE-588)4044561-6 |0 (DE-627)10450157X |0 (DE-576)209061464 |a Papst |2 gnd |
| 651 | 7 | |0 (DE-588)4009929-5 |0 (DE-627)104585218 |0 (DE-576)208885323 |a Chile |2 gnd | |
| 810 | 2 | |a Pontificia Universidad Católica de Chile |b Facultad de Teología |t Anales de la Facultad de Teología |v 25,1 |9 25,1 |w (DE-627)166754293 |w (DE-576)015190544 |w (DE-600)301596-8 |x 0069-3596 |7 am | |
| 889 | |w (DE-627)475115694 | ||
| 935 | |a mteo | ||
| 935 | |i mdedup | ||
| 951 | |a BO | ||
| ELC | |b 1 | ||
| ITA | |a 1 |t 1 | ||
| LOK | |0 000 xxxxxcx a22 zn 4500 | ||
| LOK | |0 001 2603574477 | ||
| LOK | |0 003 DE-627 | ||
| LOK | |0 004 1377869199 | ||
| LOK | |0 005 20090629112554 | ||
| LOK | |0 008 090625||||||||||||||||ger||||||| | ||
| LOK | |0 040 |a DE-21 |c DE-627 |d DE-21 | ||
| LOK | |0 852 |a DE-21 | ||
| LOK | |0 852 1 |c ZA 2994-25.1974 |9 00 | ||
| LOK | |0 935 |a dika |a theo |a sepp | ||
| LOK | |0 939 |a 25-06-09 |b l01 | ||
| ORI | |a SA-MARC-ixtheoa001.raw | ||
| STA | 0 | 0 | |a Chile,Chile,Southern Chile,Northern Chile,Holy See (motif),Catholic church,Catholic Church,Catholic Church,Former pilgrimage church Saint Ottilia,Pope,Pope,Papacy,Popes |
| STB | 0 | 0 | |a Pape,Pape,Papes,Saint-Siège (motif),Église catholique,Église catholique |
| STC | 0 | 0 | |a Movimiento juvenil católico,Papa,Papa |
| STD | 0 | 0 | |a Chiesa cattolica,Papa,Papa,Papato |
| STE | 0 | 0 | |a 天主教会,罗马公教,教宗,教宗,教皇,教皇 |
| STF | 0 | 0 | |a 天主教會,羅馬公教,教宗,教宗,教皇,教皇 |
| STG | 0 | 0 | |a Igreja católica,Papa,Papa |
| STH | 0 | 0 | |a Католическая церковь (мотив),Папа римский (мотив),Папа римский |
| STI | 0 | 0 | |a Καθολική Εκκλησία (μοτίβο),Πάπας (μοτίβο),Πάπας |
| SYB | 0 | 0 | |a Katolikus Egyház,RCC,Katoličeskaj Cerkovʹ,Katoličke Cerkve,Katolska Cyrkej,Katolske Kirke,Ecclesia Catholica,Igreja Católica,Römisch-Katholische Kirche,Katholikē Ekklēsia,Catholic Church,Roman Catholic Church,Eglise Catholique,Eglise Catholique Romaine,Chiesa Cattolica,Katholieke Kerk,Iglesia Católica,Katolické Církve,Kościoł Katolicki,Katoličke Crkve,Eglise catholique romaine,Chiesa cattolica romana,Roman catholic Church,Eglise catholique,Römische Kirche , Eglise catholique,Roman Catholic Church,Catholic Church , Ehemalige Wallfahrtskirche Sankt Ottilia |
| SYE | 0 | 0 | |a Papstdarstellung,Bischof von Rom,Päpste,Papsttum,Papa |
| SYF | 0 | 0 | |a Königreich Chile,República de Chile,Republik Chile |